000 00720nam a2200205Ii 4500
003 JO-AjNU
008 230605s9999||||xx |||||||||||||| ||und||
017 _a2009/7/2930
040 _aJO-AjNU
_bara
_erda
_cJO-AjNU
041 _aara
050 1 4 _aD16.7.I2656 2009
100 3 _aابن خلدون، ابو زيد عبدالرحمن بن محمد، 732 - 808.,
_eauthor
_923038
245 0 0 _aمقدمة ابن خلدون، الجزء الأول
264 3 1 _aعمان: دار الثقافة، 2009
300 _aج1، ص(1-657 )
336 _atext
_btxt
_2rdacontent
337 _aunmediated
_bn
_2rdamedia
338 _avolume
_bnc
_2rdacarrier
650 4 _aتاريخ -- فلسفة --علم اجتماع
_923039
999 _aA8272
_c11840
_d11840